00622cam a22001577a 4500003000400000005001700004008004100021040001400062245007800076260010000154300002600254650003300280651006800313700003900381710004400420OSt20150428164910.0980319s1938 spca || o000 p|cat|d bcatcCDMR02aL'Humor a la Barcelona del vuitcents cil·lustracions de Xavier Nogués aBarcelona bGeneralitat de Catalunya. Departament de Cultura. Serveis de Cultura al Frontc1938 a316 p. :bil.;c18 cm00aHumorismeyS. XIXzCatalunya 4aBarcelona (Catalunya)xVida social i costumsyS. XIXxNarrativa1 aNogués, Xavier,d1873-1941,eil.1 aCatalunya.bServeis de Cultura al Front